A formal approach to discourse anaphora / (Record no. 27578)
[ view plain ]
| 000 -LEADER | |
|---|---|
| fixed length control field | 01178cam a22003135i 4500 |
| 001 - CONTROL NUMBER | |
| control field | 018881106 |
| 003 - CONTROL NUMBER IDENTIFIER | |
| control field | EG-ScBUE |
| 005 - DATE AND TIME OF LATEST TRANSACTION | |
| control field | 20190905114526.0 |
| 008 - FIXED-LENGTH DATA ELEMENTS--GENERAL INFORMATION | |
| fixed length control field | 180521s2017 enk f b 000 0 eng d |
| 020 ## - INTERNATIONAL STANDARD BOOK NUMBER | |
| International Standard Book Number | 9781138224056 (pbk.) |
| 040 ## - CATALOGING SOURCE | |
| Original cataloging agency | StDuBDS |
| Language of cataloging | eng |
| Description conventions | rda |
| Transcribing agency | StDuBDS |
| Modifying agency | EG-ScBUE |
| 082 04 - DEWEY DECIMAL CLASSIFICATION NUMBER | |
| Classification number | 415.0285 |
| Item number | WEB |
| Edition number | 22 |
| 100 1# - MAIN ENTRY--PERSONAL NAME | |
| Personal name | Webber, Bonnie Lynn, |
| Relator term | author. |
| 245 02 - TITLE STATEMENT | |
| Title | A formal approach to discourse anaphora / |
| Statement of responsibility, etc | Bonnie Lynn Webber. |
| 264 #1 - PUBLICATION, DISTRIBUTION, ETC. (IMPRINT) | |
| Place of publication, distribution, etc | Abingdon ; |
| -- | New York : |
| Name of publisher, distributor, etc | Routledge / Taylor & Francis Group, |
| Date of publication, distribution, etc | 2017. |
| 300 ## - PHYSICAL DESCRIPTION | |
| Extent | 1 volume (various pagings) ; |
| Dimensions | 24 cm. |
| 336 ## - CONTENT TYPE | |
| Content type term | text |
| Content type code | txt |
| Source | rdacontent |
| 337 ## - MEDIA TYPE | |
| Media type term | unmediated |
| Media type code | n |
| Source | rdamedia |
| 338 ## - CARRIER TYPE | |
| Carrier type term | volume |
| Carrier type code | nc |
| Source | rdacarrier |
| 490 0# - SERIES STATEMENT | |
| Series statement | Routledge library editions. |
| -- | Discourse analysis ; |
| -- | volume 8 |
| 500 ## - GENERAL NOTE | |
| General note | First published in 1979 by Garland publishing Inc. |
| 504 ## - BIBLIOGRAPHY, ETC. NOTE | |
| Bibliography, etc | Includes bibliographical references. |
| 650 #7 - SUBJECT ADDED ENTRY--TOPICAL TERM | |
| Topical term or geographic name as entry element | Anaphora (Linguistics) |
| General subdivision | Data processing. |
| Source of heading or term | BUEsh |
| 650 #7 - SUBJECT ADDED ENTRY--TOPICAL TERM | |
| Topical term or geographic name as entry element | Discourse analysis |
| General subdivision | Data processing. |
| Source of heading or term | BUEsh |
| 9 (RLIN) | 41192 |
| 650 #7 - SUBJECT ADDED ENTRY--TOPICAL TERM | |
| Topical term or geographic name as entry element | Natural language processing (Computer science) |
| Source of heading or term | BUEsh |
| 9 (RLIN) | 4460 |
| 653 ## - INDEX TERM--UNCONTROLLED | |
| Resource For college | Humanities: English |
| Arrived date list | September2019 |
| 655 ## - INDEX TERM--GENRE/FORM | |
| Form subdivision | Reading book |
| 942 ## - ADDED ENTRY ELEMENTS (KOHA) | |
| Source of classification or shelving scheme | Dewey Decimal Classification |
| Koha item type | Book - Borrowing |
| Withdrawn status | Lost status | Source of classification or shelving scheme | Damaged status | Not for loan | Collection code | Home library | Current library | Shelving location | Date acquired | Source of acquisition | Cost, normal purchase price | Total Checkouts | Full call number | Barcode | Date last seen | Cost, replacement price | Price effective from | Koha item type |
|---|---|---|---|---|---|---|---|---|---|---|---|---|---|---|---|---|---|---|
| Dewey Decimal Classification | Baccah | Central Library | Central Library | Second Floor | 05/09/2019 | Purchase | 924.00 | 415.0285 WEB | 000048014 | 15/07/2025 | 1155.00 | 05/09/2019 | Book - Borrowing |